Tìm hiểu tiềm năng, hiện trạng và định hướng phát triển du lịch sinh thái ở khu bảo tồn thiên nhiên đất ngập nước Vân Long – Huyện Gia Viễn – Tỉnh Ninh Bình
Cơ sở lí luận của đề tài. Tiềm năng du lịch và hiện trạng phát triển du lịch ở khu bảo tồn thiên nhiên đất ngập nước Vân Long. Định hướng và giải pháp phát triển tại khu bảo tồn thiên nhiên đất ngập nước Vân Long đến năm 2020...
में बचाया:
| मुख्य लेखक: | |
|---|---|
| अन्य लेखक: | |
| स्वरूप: | पुस्तक |
| प्रकाशित: |
Đà Nẵng
Đại học Sư phạm, Đại học Đà Nẵng
2012
|
| विषय: | |
| टैग : |
टैग जोड़ें
कोई टैग नहीं, इस रिकॉर्ड को टैग करने वाले पहले व्यक्ति बनें!
|
| Thư viện lưu trữ: | Mạng thư viện Đại học Đà Nẵng |
|---|
| LEADER | 02100nam a2200337 4500 | ||
|---|---|---|---|
| 001 | 000017164 | ||
| 003 | 13576 | ||
| 005 | 20130315110311.0 | ||
| 008 | 130315s2012 sd | ||
| 082 | |a 910.133059739 |b ĐI-L | ||
| 100 | 1 | |a Đinh Thị Lựu | |
| 245 | |a Tìm hiểu tiềm năng, hiện trạng và định hướng phát triển du lịch sinh thái ở khu bảo tồn thiên nhiên đất ngập nước Vân Long – Huyện Gia Viễn – Tỉnh Ninh Bình |c Đinh Thị Lựu ; Đậu Thị Hòa hướng dẫn |k Khóa luận tốt nghiệp | ||
| 260 | |a Đà Nẵng |b Đại học Sư phạm, Đại học Đà Nẵng |c 2012 | ||
| 300 | |a 74 tr., phụ lục 8 tr. |b Bản đồ, bản mhọa. |c 29 cm. |e Đĩa CD | ||
| 500 | |a Khóa luận tốt nghiệp đại học. Chuyên ngành: Cử nhân khoa học Địa Lý | ||
| 504 | |a Mục lục đầu trang, tài liệu tham khảo tr. 73 - 74, phụ lục [13 tr.] | ||
| 520 | |a Cơ sở lí luận của đề tài. Tiềm năng du lịch và hiện trạng phát triển du lịch ở khu bảo tồn thiên nhiên đất ngập nước Vân Long. Định hướng và giải pháp phát triển tại khu bảo tồn thiên nhiên đất ngập nước Vân Long đến năm 2020 | ||
| 600 | 1 | 4 | |b Vua |c Đinh Tiên Hoàng |
| 650 | 0 | 4 | |a Địa lý tự nhiên |a Du lịch sinh thái |v Khóa luận tốt nghiệp |x Khu bảo tồn thiên nhiên đất ngập nước |z Ninh Bình |
| 653 | |a Khu bảo tồn thiên nhiên đất ngập nước |a Du lịch sinh thái |a Khoa Địa Lý | ||
| 700 | |a Đậu Thị Hòa |c PGS.TS |e Hướng dẫn | ||
| OWN | |a LSP | ||
| AVA | |a UDN50 |b LSP |d 910.133059739 ĐI-L |e available |t Error 5001 Not defined in file expand_doc_bib_avail. |f 1 |g 0 |h N |i 0 |k 1 | ||
| 999 | |a From the UDN01 | ||
| AVA | |a UDN50 |b LSP |d 910.133059739 ĐI-L |e available |t Error 5001 Not defined in file expand_doc_bib_avail. |f 1 |g 0 |h N |i 0 |k 1 | ||
| TYP | |a Monograph | ||
| TYP | |a Printed language | ||
| 980 | |a Mạng thư viện Đại học Đà Nẵng | ||